| 000 | 00397nam a22001337a 4500 | ||
|---|---|---|---|
| 008 | 140129b xxu||||| |||| 00| 0 eng d | ||
| 100 |
_954 _aLiz |
||
| 245 |
_aNew Headway English course: _bIntermediate student's book _cby Liz & John Soars. |
||
| 260 |
_aOxford, _bOxford University press, _cc1998. |
||
| 300 | _a100p. | ||
| 650 | 0 |
_956 _aEnglish _xLanguage |
|
| 700 |
_955 _aSoars, John |
||
| 942 |
_2ddc _cBK |
||
| 999 |
_c36 _d36 |
||